Country Flags With Stars and a Crescent - Statistics

General Stats
  • This quiz has been taken 64 times
  • The average score is 10 of 12
Answer Stats
Hint Answer % Correct
Pakistan
100%
Turkey
100%
Malaysia
98%
Algeria
94%
Libya
88%
Singapore
88%
Tunisia
86%
Turkmenistan
82%
Uzbekistan
80%
Azerbaijan
78%
Comoros
73%
Mauritania
73%
No matching quizzes found
Score Distribution
Percent of People with Each Score
Percentile by Number Answered
Your Score History
You have not taken this quiz